Southville International School and Colleges
Your cart is empty.
  • Cart
  • Lists
    Public lists Eva Luna New books Lux_list list_1
    Your lists Log in to create your own lists
  • Log in to your account
  • Your cookies
  • Search history
Southville International School and Colleges
  • Advanced search
  • Recent comments
  • Most popular
  • Libraries

Log in to your account

Log in with GOOGLE


If you do not have an external account, but do have a local account, you can still log in:

  1. Home
  2. MARC view: Joan of arc /
Normal view MARC view ISBD view

Joan of arc / (Record no. 11708)

[ view plain ]
MARC details
000 -LEADER
fixed length control field 00890nam a22002657a 4500
003 - CONTROL NUMBER IDENTIFIER
control field PILC
005 - DATE AND TIME OF LATEST TRANSACTION
control field 20151020131449.0
008 - FIXED-LENGTH DATA ELEMENTS--GENERAL INFORMATION
fixed length control field 130320t xxu||||| |||| 00| 0 eng d
020 ## - INTERNATIONAL STANDARD BOOK NUMBER
International Standard Book Number 9780688143290
050 ## - LIBRARY OF CONGRESS CALL NUMBER
Classification number DC 103.5
Item number .St66 1998
082 ## - DEWEY DECIMAL CLASSIFICATION NUMBER
Classification number GS 940.026'09
Item number S66 1998
100 ## - MAIN ENTRY--PERSONAL NAME
Personal name Stanley, Diane
9 (RLIN) 20971
245 ## - TITLE STATEMENT
Title Joan of arc /
Statement of responsibility, etc Diane Stanley.
Remainder of title Children of History /
260 ## - PUBLICATION, DISTRIBUTION, ETC. (IMPRINT)
Place of publication, distribution, etc New York :
Name of publisher, distributor, etc Morrow Junior Books,
Date of publication, distribution, etc c1998.
300 ## - PHYSICAL DESCRIPTION
Other physical details col. ill. ;
Dimensions 29 cm.
Extent 42 p. :
562 ## - COPY AND VERSION IDENTIFICATION NOTE
Number of copies 1
650 ## - SUBJECT ADDED ENTRY--TOPICAL TERM
Topical term or geographic name as entry element Joan of Arc, Saint
General subdivision Juvenile Literature
9 (RLIN) 22005
650 ## - SUBJECT ADDED ENTRY--TOPICAL TERM
Topical term or geographic name as entry element Christian Saints
General subdivision France
-- Biography
-- Juvenile Literature
9 (RLIN) 22006
650 ## - SUBJECT ADDED ENTRY--TOPICAL TERM
Topical term or geographic name as entry element France
General subdivision History
-- Charles VII,
-- Juvenile Literature
9 (RLIN) 22007
650 ## - SUBJECT ADDED ENTRY--TOPICAL TERM
Topical term or geographic name as entry element Saints
9 (RLIN) 14508
650 ## - SUBJECT ADDED ENTRY--TOPICAL TERM
Topical term or geographic name as entry element Woman
General subdivision Biography
9 (RLIN) 22008
650 ## - SUBJECT ADDED ENTRY--TOPICAL TERM
Topical term or geographic name as entry element France
General subdivision History
-- Charles VII
9 (RLIN) 22009
942 ## - ADDED ENTRY ELEMENTS (KOHA)
Source of classification or shelving scheme Library of Congress Classification
Koha item type Books
Holdings
Withdrawn status Lost status Source of classification or shelving scheme Damaged status Home library Current library Shelving location Date acquired Total Checkouts Full call number Barcode Date last seen Copy number Price effective from Koha item type
    Library of Congress Classification   Luxembourg Library Luxembourg Library Grade School Section 09/19/2013   DC 103.5 .W49 1989 1093 05/25/2015 1 09/19/2013 Books
    Library of Congress Classification   Luxembourg Library Luxembourg Library Grade School Section 09/19/2013   DC 103.5 .W49 1989 1820 09/19/2013 2 09/19/2013 Books
    Library of Congress Classification   Luxembourg Library Luxembourg Library Grade School Section 09/27/2013   DC 103.5 .St66 1998 7868 05/27/2015 1 09/27/2013 Books

Joan of arc /

APA

Stanley D., . (1998). Joan of arc. New York: Morrow Junior Books.

Chicago

Stanley Diane, . 1998. Joan of arc. New York: Morrow Junior Books.

Harvard

Stanley D., . (1998). Joan of arc. New York: Morrow Junior Books.

MLA

Stanley Diane, . Joan of arc. New York: Morrow Junior Books. 1998.

  • Place hold
  • Print
  • Cite
  • Add to your cart (remove)
  • Save record
    BIBTEX Dublin Core MARCXML MARC (non-Unicode/MARC-8) MARC (Unicode/UTF-8) MARC (Unicode/UTF-8, Standard) MODS (XML) RIS
  • More searches
    Search for this title in:
    Other Libraries (WorldCat) Other Databases (Google Scholar) Online Stores (Bookfinder.com) Open Library (openlibrary.org)

Exporting to Dublin Core...

SOUTHVILLE LIBRARY

Southville International School and Colleges Library

1281 Tropical Ave. Cor. Luxembourg St., BF Homes International, Las Pinas City

Tel. No. 8256374 / 252358 Loc. 117/146

Powered by Koha